000 01778nam a2200241Ia 4500
008 260220t1972||||xx |||||||||||||| ||spa||
020 _a8429410120
040 _aPY-SlUNAC
_bspa
_erda
041 _aspa
082 _a510
_bD366d
245 0 _aDelta matemática
264 _aMadrid :
_bSantillana,
_c℗1972.
300 _a1 volumen
520 _a"Delta matemática" es un texto educativo publicado por Santillana en 1972 que busca fomentar el aprendizaje de las matemáticas de manera dinámica y accesible. A través de una estructura clara y progresiva, el libro aborda conceptos fundamentales de la matemática, desde aritmética básica hasta geometría y álgebra, integrando problemas prácticos que estimulan el pensamiento crítico y la resolución de situaciones cotidianas. La obra está diseñada para estudiantes de educación básica, proporcionando explicaciones detalladas y ejemplos visuales que facilitan la comprensión de los temas tratados. Además, incluye ejercicios variados que permiten al lector practicar y consolidar los conocimientos adquiridos. La combinación de teoría y práctica en "Delta matemática" no solo promueve el dominio de las habilidades matemáticas, sino que también busca cultivar una actitud positiva hacia el aprendizaje de esta disciplina, haciendo del proceso educativo una experiencia enriquecedora y motivadora. En definitiva, el libro se presenta como una herramienta valiosa para educadores y estudiantes en la enseñanza de las matemáticas.
653 _aEducación
653 _aEnseñanza de las matemáticas
653 _aMatemáticas
942 _b2026/02/17
_cBK
999 _c7381
_d7381